Vista normal
Vista MARC
Entrada Topical Term
Número de registros utilizados en: 1
001 - CONTROL NUMBER
- control field: 24059
003 - CONTROL NUMBER IDENTIFIER
- control field: OSt
005 - DATE AND TIME OF LATEST TRANSACTION
- control field: 20230915231104.0
008 - FIXED-LENGTH DATA ELEMENTS
- fixed length control field: 230915|| aca||aabn | a|a d
040 ## - CATALOGING SOURCE
- Original cataloging agency: OSt
- Transcribing agency: OSt
150 ## - HEADING--TOPICAL TERM
- Topical term or geographic name entry element: CARACOLES - CRIA Y EXPLOTACION
670 ## - SOURCE DATA FOUND
- Source citation: Work cat.: (OSt)26596: Fontanillas, Juan Carlos; García - Cuenca, Isabel 24058, El caracol y la Helicicultura, Mundi - prensa